00000000nam 2200000zi 4500
0019.853710
003CaOODSP
00520250117133254
006m     o  d f      
007cr cn|||||||||
008180315t20192019onca    o    f000 0 eng d
020 |a9780660257785|z0660257785
040 |aCaOODSP|beng
043 |an-cn---
0861 |aNR24-24/1-2017E-PDF
24500|aUser's guide - National Energy Code of Canada for Buildings 2017 / |cissued by the Canadian Commission on Building and Fire Codes, National Research Council of Canada.
250 |aThird edition.
264 1|aOttawa : |bNational Research Council, |c2019.
264 4|c©2019
300 |a1 online resource (viii, 103 pages) : |billustrations
336 |atext|btxt|2rdacontent
337 |acomputer|bc|2rdamedia
338 |aonline resource|bcr|2rdacarrier
500 |aCover title.
500 |aIssued also in French under title: Guide de l'utilisateur du Code national de l'énergie pour les bâtiments - Canada 2017.
500 |aDigitized edition from print [produced by National Research Council of Canada].
500 |a"First printing."
500 |a"First edition 2014, second edition 2019."
520 |a"This is the third edition of the User’s Guide – National Energy Code of Canada for Buildings (NECB). It is intended to complement the NECB 2017 and increase users’ understanding of the Code’s intent and application in the field; as such, it is not to be used as a standalone document. The User’s Guide contains background information, explanatory material and, in some cases, suggested approaches to certain design or compliance matters, but does not contain mandatory requirements and is neither a textbook nor a design guide. The figures it contains are schematic only and the examples are illustrative only: they do not represent design recommendations"--Introduction, page v.
650 0|aArchitecture and energy conservation|xLaw and legislation|zCanada|vHandbooks, manuals, etc.
650 0|aBuildings|xEnergy conservation|zCanada|vHandbooks, manuals, etc.
650 0|aArchitecture and energy conservation|xStandards|zCanada|vHandbooks, manuals, etc.
650 0|aBuildings|xEnergy conservation|xStandards|zCanada|vHandbooks, manuals, etc.
655 7|aHandbooks and manuals|2lcgft
7102 |aCanadian Commission on Building and Fire Codes, |eissuing body.
77508|tGuide de l'utilisateur du Code national de l'énergie pour les bâtiments - Canada 2017 / |w(CaOODSP)9.853712
7760#|tNational energy code of Canada for buildings 2017 : |w(CaOODSP)9.853711
794 |tUser's guide : |b2020|w(CaOODSP)9.926666
795 |tUser's guide - National Energy Code of Canada for Buildings 2015 / |w(CaOODSP)9.853702
85640|qPDF|s3.60 MB|uhttps://publications.gc.ca/collections/collection_2025/cnrc-nrc/NR24-24-1-2017-eng.pdf
986 |aNRCC-CONST-56247E